<?xml version="1.0" encoding="UTF-8"?>
<record
    xmlns:xsi="http://www.w3.org/2001/XMLSchema-instance"
    xsi:schemaLocation="http://www.loc.gov/MARC21/slim http://www.loc.gov/standards/marcxml/schema/MARC21slim.xsd"
    xmlns="http://www.loc.gov/MARC21/slim">

  <leader>00411nam a22001817a 4500</leader>
  <controlfield tag="008">240214b        |||||||| |||| 00| 0 eng d</controlfield>
  <datafield tag="020" ind1=" " ind2=" ">
    <subfield code="a">9789381608469</subfield>
  </datafield>
  <datafield tag="040" ind1=" " ind2=" ">
    <subfield code="a">30</subfield>
  </datafield>
  <datafield tag="082" ind1=" " ind2=" ">
    <subfield code="a">617 SUL</subfield>
  </datafield>
  <datafield tag="100" ind1=" " ind2=" ">
    <subfield code="a">SULOCHANA , A</subfield>
  </datafield>
  <datafield tag="110" ind1=" " ind2=" ">
    <subfield code="b">AYURVEDA</subfield>
  </datafield>
  <datafield tag="245" ind1=" " ind2=" ">
    <subfield code="a">AYURVEDIYA STRIROGA VIJNANA</subfield>
  </datafield>
  <datafield tag="250" ind1=" " ind2=" ">
    <subfield code="a">1 ST</subfield>
  </datafield>
  <datafield tag="260" ind1=" " ind2=" ">
    <subfield code="a">NEW DELHI</subfield>
    <subfield code="b">CHAUKHAMBA</subfield>
    <subfield code="c">2018</subfield>
  </datafield>
  <datafield tag="300" ind1=" " ind2=" ">
    <subfield code="a">261</subfield>
  </datafield>
  <datafield tag="650" ind1=" " ind2=" ">
    <subfield code="a">GYNACOLOGY</subfield>
  </datafield>
  <datafield tag="942" ind1=" " ind2=" ">
    <subfield code="c">01</subfield>
  </datafield>
  <datafield tag="999" ind1=" " ind2=" ">
    <subfield code="c">58223</subfield>
    <subfield code="d">58223</subfield>
  </datafield>
  <datafield tag="952" ind1=" " ind2=" ">
    <subfield code="0">0</subfield>
    <subfield code="1">0</subfield>
    <subfield code="2">ddc</subfield>
    <subfield code="4">0</subfield>
    <subfield code="6">617_000000000000000_SUL</subfield>
    <subfield code="7">0</subfield>
    <subfield code="9">526659</subfield>
    <subfield code="a">30</subfield>
    <subfield code="b">30</subfield>
    <subfield code="d">2024-01-30</subfield>
    <subfield code="e">CHAUKHAMBA</subfield>
    <subfield code="h">CP/B/1203</subfield>
    <subfield code="l">0</subfield>
    <subfield code="o">617 SUL</subfield>
    <subfield code="p">30-B-6214</subfield>
    <subfield code="r">2024-02-14</subfield>
    <subfield code="w">2024-02-14</subfield>
    <subfield code="y">01</subfield>
  </datafield>
  <datafield tag="952" ind1=" " ind2=" ">
    <subfield code="0">0</subfield>
    <subfield code="1">0</subfield>
    <subfield code="2">ddc</subfield>
    <subfield code="4">0</subfield>
    <subfield code="6">617_000000000000000_SUL</subfield>
    <subfield code="7">0</subfield>
    <subfield code="9">526660</subfield>
    <subfield code="a">30</subfield>
    <subfield code="b">30</subfield>
    <subfield code="d">2024-01-30</subfield>
    <subfield code="e">CHAUKHAMBA</subfield>
    <subfield code="h">CP/B/1203</subfield>
    <subfield code="l">0</subfield>
    <subfield code="o">617 SUL</subfield>
    <subfield code="p">30-B-6215</subfield>
    <subfield code="r">2024-02-14</subfield>
    <subfield code="w">2024-02-14</subfield>
    <subfield code="y">01</subfield>
  </datafield>
  <datafield tag="952" ind1=" " ind2=" ">
    <subfield code="0">0</subfield>
    <subfield code="1">0</subfield>
    <subfield code="2">ddc</subfield>
    <subfield code="4">0</subfield>
    <subfield code="6">617_000000000000000_SUL</subfield>
    <subfield code="7">0</subfield>
    <subfield code="9">526661</subfield>
    <subfield code="a">30</subfield>
    <subfield code="b">30</subfield>
    <subfield code="d">2024-01-30</subfield>
    <subfield code="e">CHAUKHAMBA</subfield>
    <subfield code="h">CP/B/1203</subfield>
    <subfield code="l">0</subfield>
    <subfield code="o">617 SUL</subfield>
    <subfield code="p">30-B-6216</subfield>
    <subfield code="r">2024-02-14</subfield>
    <subfield code="w">2024-02-14</subfield>
    <subfield code="y">01</subfield>
  </datafield>
  <datafield tag="952" ind1=" " ind2=" ">
    <subfield code="0">0</subfield>
    <subfield code="1">0</subfield>
    <subfield code="2">ddc</subfield>
    <subfield code="4">0</subfield>
    <subfield code="6">617_000000000000000_SUL</subfield>
    <subfield code="7">0</subfield>
    <subfield code="9">526662</subfield>
    <subfield code="a">30</subfield>
    <subfield code="b">30</subfield>
    <subfield code="d">2024-01-30</subfield>
    <subfield code="e">CHAUKHAMBA</subfield>
    <subfield code="h">CP/B/1203</subfield>
    <subfield code="l">0</subfield>
    <subfield code="o">617 SUL</subfield>
    <subfield code="p">30-B-6217</subfield>
    <subfield code="r">2024-02-14</subfield>
    <subfield code="w">2024-02-14</subfield>
    <subfield code="y">01</subfield>
  </datafield>
  <datafield tag="952" ind1=" " ind2=" ">
    <subfield code="0">0</subfield>
    <subfield code="1">0</subfield>
    <subfield code="2">ddc</subfield>
    <subfield code="4">0</subfield>
    <subfield code="6">617_000000000000000_SUL</subfield>
    <subfield code="7">0</subfield>
    <subfield code="9">526663</subfield>
    <subfield code="a">30</subfield>
    <subfield code="b">30</subfield>
    <subfield code="d">2024-01-30</subfield>
    <subfield code="e">CHAUKHAMBA</subfield>
    <subfield code="h">CP/B/1203</subfield>
    <subfield code="l">0</subfield>
    <subfield code="o">617 SUL</subfield>
    <subfield code="p">30-B-6218</subfield>
    <subfield code="r">2024-02-14</subfield>
    <subfield code="w">2024-02-14</subfield>
    <subfield code="y">01</subfield>
  </datafield>
  <datafield tag="952" ind1=" " ind2=" ">
    <subfield code="0">0</subfield>
    <subfield code="1">0</subfield>
    <subfield code="2">ddc</subfield>
    <subfield code="4">0</subfield>
    <subfield code="6">617_000000000000000_SUL</subfield>
    <subfield code="7">0</subfield>
    <subfield code="9">526664</subfield>
    <subfield code="a">30</subfield>
    <subfield code="b">30</subfield>
    <subfield code="d">2024-01-30</subfield>
    <subfield code="e">CHAUKHAMBA</subfield>
    <subfield code="h">CP/B/1203</subfield>
    <subfield code="l">0</subfield>
    <subfield code="o">617 SUL</subfield>
    <subfield code="p">30-B-6219</subfield>
    <subfield code="r">2024-02-14</subfield>
    <subfield code="w">2024-02-14</subfield>
    <subfield code="y">01</subfield>
  </datafield>
  <datafield tag="952" ind1=" " ind2=" ">
    <subfield code="0">0</subfield>
    <subfield code="1">0</subfield>
    <subfield code="2">ddc</subfield>
    <subfield code="4">0</subfield>
    <subfield code="6">617_000000000000000_SUL</subfield>
    <subfield code="7">0</subfield>
    <subfield code="9">526665</subfield>
    <subfield code="a">30</subfield>
    <subfield code="b">30</subfield>
    <subfield code="d">2024-01-30</subfield>
    <subfield code="e">CHAUKHAMBA</subfield>
    <subfield code="h">CP/B/1203</subfield>
    <subfield code="l">0</subfield>
    <subfield code="o">617 SUL</subfield>
    <subfield code="p">30-B-6220</subfield>
    <subfield code="r">2024-02-14</subfield>
    <subfield code="w">2024-02-14</subfield>
    <subfield code="y">01</subfield>
  </datafield>
  <datafield tag="952" ind1=" " ind2=" ">
    <subfield code="0">0</subfield>
    <subfield code="1">0</subfield>
    <subfield code="2">ddc</subfield>
    <subfield code="4">0</subfield>
    <subfield code="6">617_000000000000000_SUL</subfield>
    <subfield code="7">0</subfield>
    <subfield code="9">526666</subfield>
    <subfield code="a">30</subfield>
    <subfield code="b">30</subfield>
    <subfield code="d">2024-01-30</subfield>
    <subfield code="e">CHAUKHAMBA</subfield>
    <subfield code="h">CP/B/1203</subfield>
    <subfield code="l">0</subfield>
    <subfield code="o">617 SUL</subfield>
    <subfield code="p">30-B-6221</subfield>
    <subfield code="r">2024-02-14</subfield>
    <subfield code="w">2024-02-14</subfield>
    <subfield code="y">01</subfield>
  </datafield>
</record>
